000 00947 a2200229 4500
008 081010t xxu||||| |||| 00| 0 ur d
010 _aUR-7379
020 _a8187231912
_c120.00
035 _aU-5934
037 _bD.B.Act / Pub
082 _a910.4
100 _aمر غوب علی
245 _aسفر کھانی
_cمر غوب علی
_bپا کستا ن کا سفر نامہ
246 _aSafar Kahani(A Travelogue of Pakistan)
_bby Marghoob Ali
260 _aدھلی
_bتخليق کار پبليشرز
_c2007
270 _a104/B-Yawar Manzil,I Block ,Laxmi Nagar
_bدھلی
_e110092
_k01165295989
_mqissey@rediffmail.com
300 _a128p
_c22cm (Pbk)
650 _aTourism
650 _aسفر نا مہ
942 _adpl
_cUR
_2ddc
_h910.4
_mم ر غ
999 _c5532
_d5532